000 00316nam a2200133Ia 4500
008 260604s9999 xx 000 0 und d
020 _a9780857637680
082 _a808.3 HAR
100 _aSHREE
_935323
245 0 _aThe Secret Rescuers The Star Wolf
260 _bNosy Crow Ltd
500 _aStar Wolf
942 _cBK
999 _c8169
_d8169